| 000 | 00397cam a22001217a 4500 | ||
|---|---|---|---|
| 008 | 180718b1989 xxu||||| |||| 00| 0 eng d | ||
| 082 | _aA81x54 In2/81/30/PT12 | ||
| 100 | _aCensus of India 1981 | ||
| 245 | _aLakshadweep: census atlas | ||
| 260 |
_aNew Delhi _bThe Registrar General and Census Commissioner _c1989 |
||
| 300 | _a47p. | ||
| 440 | _aCensus of India 1981. Series-30, Lakshadweep. Part-XII | ||
| 999 |
_c482482 _d482482 |
||